LEADER 00983nam a2200205 4500 001 000000355403 003 CaOOAMICUS 005 20230915105801.0 008 230915s1847 it 000 u ita r 040 $aSeMil$bita 100 1 $aSacchi, Giuseppe,$d<1804-1891>.$0(OLS)http://semarc/name/89944 245 13$aLa scuola e la famiglia nell'ordine educativo :$bdiscorso ... /$cGiuseppe Sacchi. 264 1$aMilano :$bSocietà degli Editori degli annali universali delle scienze e dell'industria,$c1847. 300 $a13 p. ;$c22 cm 650 4$aScuola e famiglia.$0(OLS)http://semarc/subject/14672 850 $aSeMil 852 $aSeMil$W1$xVenegono$y1$m5B IV 5/16$j243505$B246670$CSeMilBibl$Z2$F246670 $81 996 $6245$aLa scuola e la famiglia nell'ordine educativo :$bdiscorso ...$9(OLS)http://semarc/title/445594 996 $6264$aMilano :$bSocietà degli Editori degli annali universali delle scienze e dell'industria$9(OLS)http://semarc/publisher/51176 LEADER 01135nam a2200265 4500 001 000000345929 003 CaOOAMICUS 005 20210511113445.0 008 210511s1983 it 000 u ita r 020 $a88-350-7271-9 040 $aSeMil$bita 245 10$a1: Antichità e Medioevo. 264 1$aBrescia :$bLa Scuola,$c1983. 300 $aXIX, 541 p. :$bill. ;$c24 cm 700 1 $aReale, Giovanni,$d<1931-2014>.$0(OLS)http://semarc/name/74 700 1 $aAntiseri, Dario,$d<1940- >.$0(OLS)http://semarc/name/3807 773 0 $aReale, Giovanni <1931-2014>$tPensiero occidentale dalle origini ad oggi.$dBrescia : La Scuola, 1983.$w()345927 850 $aSeMil 852 $aSeMil$W1$xVenegono$y1$m2P IV 821$j226342$B236974$CSeMilBibl$Z2$F236974 $81 961 $aVolume con evidenti e diffuse sottolineature e/o annotazioni (a matita e penna) 961 $aMagni don Walter - Omaggio 996 $6020$a88-350-7271-9$9(OLS)http://semarc/number/293164 996 $6245$a1: Antichità e Medioevo$9(OLS)http://semarc/title/431839 996 $6264$aBrescia :$bLa Scuola$9(OLS)http://semarc/publisher/29831